Statistiques concernant Les langues régionales de France - Difficile

Cliquez ici pour prendre le quiz!

Statistiques générales

  • Ce quiz a été pris 78 fois
  • Le résultat moyen est 21 sur 46

Réponses sur la Carte

Les réponses sont colorées sur une échelle allant du rouge au vert en fonction du pourcentage des utilisateurs qui les ont devinées à leur premier essai. Vous pouvez retrouver ces pourcentages ci-dessous.
 

Statistiques - réponses

Langue% Correct
Breton
99%
Corse
94%
Alsacien
90%
Normand
85%
Basque
84%
Créole de la Guadeloupe
75%
Créole de la Martinique
75%
Parisien
74%
Chti'mi
72%
Créole de la Guyane
72%
Provençal
72%
Lorrain
69%
Savoyard
69%
Créole de la Réunion
68%
Catalan
66%
Picard
66%
Auvergnat
59%
Lyonnais
57%
Flamand
56%
Limousin
47%
Béarnais
46%
Gallo
46%
Angevin
44%
Bourguignon
43%
Champenois
43%
Poitevin
43%
Gascon
41%
Jurassien
37%
Berrichon
34%
Franc-Comtois
34%
Languedocien
31%
Mahorais
29%
Bourbonnais
28%
Orléanais
28%
Saintongeais
21%
Dauphinois
19%
Tourangeau
18%
Wallon
18%
Francique
16%
Forézien
15%
Manceau
12%
Nissard
9%
Cauchois
7%
Guyennais
6%
Provençal-Alpin
6%
Romand
6%

Distribution des résultats

Percentile par nombre de réponses

% des personnes avec chaque résultat

Votre développement - résultats

Vous n’avez pas pris ce quiz